Cashless India and Financial inclusion - Challenges and benefits/ (Record no. 190566)

MARC details
000 -LEADER
fixed length control field 00601nam a22001817a 4500
005 - DATE AND TIME OF LATEST TRANSACTION
control field 20220727164102.0
010 ## - LCCN (DPL NO)
LC control number ENG-134004
020 ## - INTERNATIONAL STANDARD BOOK NUMBER
Terms of availability 300.00
International Standard Book Number 978-93-81899-80-9
035 ## - SYSTEM CONTROL NUMBER
System control number EN-117536
037 ## - SOURCE OF ACQUISITION
Source of stock number/acquisition DBAD/PUB
082 ## - DEWEY DECIMAL CLASSIFICATION NUMBER
Classification number 332.10954
245 ## - TITLE STATEMENT
Title Cashless India and Financial inclusion - Challenges and benefits/
Statement of responsibility, etc edited by Nirmala Mohan, at all
260 ## - PUBLICATION, DISTRIBUTION, ETC. (IMPRINT)
Place of publication, distribution, etc Tamilnadu
Name of publisher, distributor, etc Sakthi Publishers
Date of publication, distribution, etc 2017
270 ## - ADDRESS
Address No.12,Anna Street, Chitlapakkam, Chennai
City Tamilnadu
Postal code 600064
300 ## - PHYSICAL DESCRIPTION
Extent xii,179p.
Dimensions 23cm(pb)
700 ## - ADDED ENTRY--PERSONAL NAME
Personal name Nirmala Mohan
942 ## - ADDED ENTRY ELEMENTS (KOHA)
Source of classification or shelving scheme Dewey Decimal Classification
Item type English Books
Classification part 332.10954
Call number suffix CAS
Holdings
Withdrawn status Lost status Not for loan Collection code Home library Current library Date acquired Source of acquisition Cost, normal purchase price Full call number Barcode Copy number Cost, replacement price Koha item type
      Non-fiction Shahdara Branch Shahdara Branch 27/07/2022 DBAD/PUB 300.00 332.10954 CAS EN-117536 1 300.00 English Books

© Delhi Public Library
Hit Counter
free hit counter